书目信息 |
| 题名: |
二十四节气志
|
|
| 作者: | 宋英杰 著 | |
| 分册: | ||
| 出版信息: | 北京 中信出版社 2019重印 |
|
| 页数: | 365页 | |
| 开本: | 24cm | |
| 丛书名: | ||
| 单 册: | ||
| 中图分类: | P462 | |
| 科图分类: | ||
| 主题词: | 二十四节气--Er Shi Si Jie Qi--基本知识 | |
| 电子资源: | ||
| ISBN: | 978-7-5086-8071-2 | |
| 000 | 01184nam 2200265 45 | |
| 001 | 012001002816 | |
| 005 | 20140101164336.0 | |
| 010 | @a978-7-5086-8071-2@dCNY68.00 | |
| 092 | @aCN@bREADER-50787 | |
| 099 | @aCAL 012017159001 | |
| 100 | @a20171109d2017 em y0chiy50 ea | |
| 101 | 0 | @achi |
| 102 | @aCN@b110000 | |
| 105 | @aabhko 000yy | |
| 106 | @ar | |
| 200 | 1 | @a二十四节气志@Aer shi si jie qi zhi@f宋英杰著 |
| 210 | @a北京@c中信出版社@d2019重印 | |
| 215 | @a365页@c图 (部分彩图), 地图, 摹真@d24cm | |
| 314 | @a宋英杰, 中国气象局气象服务专家, 中央电视台《天气预报》节目主持人。1 | |
| 330 | @a《二十四节气志》中国气象先生 宋英杰潜心十年制作,一本别开生面的节气百科白岩松、马未都、秦大河、梁冬、樊登、俞白眉 联袂推荐!本书是中国气象先生宋英杰潜心十年之作。凭借多年强大的专业积累和知识功底,他首次从气象大数据的角度,为读者解读24节气文化,文理结合、古今对比,读者不仅能看到传统节气知识,更能了解节气随时代的演变,通过气象数据图表直观感受时光变幻之美,是一本别开生面的“节气百科”。 | |
| 606 | 0 | @a二十四节气@AEr Shi Si Jie Qi@x基本知识 |
| 690 | @aP462@v5 | |
| 701 | 0 | @a宋英杰@ASong Ying Jie@4著 |
| 801 | 0 | @aCN@b北京卓展@c20191020 |
| 905 | @b1204462-5@dP462@e154@f4 | |
| 二十四节气志/宋英杰著.-北京:中信出版社,2019重印 |
| 365页:图 (部分彩图), 地图, 摹真;24cm |
| ISBN 978-7-5086-8071-2:CNY68.00 |
| 《二十四节气志》中国气象先生 宋英杰潜心十年制作,一本别开生面的节气百科白岩松、马未都、秦大河、梁冬、樊登、俞白眉 联袂推荐!本书是中国气象先生宋英杰潜心十年之作。凭借多年强大的专业积累和知识功底,他首次从气象大数据的角度,为读者解读24节气文化,文理结合、古今对比,读者不仅能看到传统节气知识,更能了解节气随时代的演变,通过气象数据图表直观感受时光变幻之美,是一本别开生面的“节气百科”。 |
| ● |
| 相关链接 |
|
|
|
|
正题名:二十四节气志
索取号:P462/154
 
预约/预借
| 序号 | 登录号 | 条形码 | 馆藏地/架位号 | 状态 | 备注 |
| 1 | 1204462 | 212044624 | 第二样本阅览室/ [索取号:P462/154] | 在馆 | |
| 2 | 1204463 | 212044633 | 第三借阅区/ [索取号:P462/154] | 在馆 | |
| 3 | 1204464 | 212044642 | 第三借阅区/ [索取号:P462/154] | 在馆 | |
| 4 | 1204465 | 212044651 | 第三借阅区/ [索取号:P462/154] | 在馆 |